[Event "OLNO 2122 Greifswalder SV - SF Berlin I"]
[Site "?"]
[Date "2022.05.15"]
[Round "4.7"]
[White "Weber, Daniel"]
[Black "Lange, Jannis"]
[Result "1-0"]
[WhiteElo "2142"]
[BlackElo "2101"]
[PlyCount "87"]
[EventDate "2022.??.??"]

1. d4 Nf6 2. c4 g6 3. Nc3 d5 4. Bf4 Bg7 5. e3 O-O 6. Qb3 dxc4 7. Bxc4 a6 8. a4
Nc6 9. a5 b5 10. axb6 cxb6 11. Be2 Be6 12. Qd1 Nd5 13. Bg3 Na5 14. Nf3 Nb4 15.
Nd2 Bf5 16. O-O Bc2 17. Qc1 Qd7 18. Na2 Nxa2 19. Qxc2 Rfc8 20. Nc4 b5 21. b3
bxc4 22. Qxa2 Nxb3 23. Bxc4 Rxc4 24. Qxb3 Qc6 25. Ra5 e6 26. h3 Bf8 27. Rd1 Rd8
28. Qa2 Ra8 29. Ra1 Rc2 30. Qa4 Qxa4 31. R1xa4 Rc1+ 32. Kh2 Rc6 33. d5 exd5 34.
Rxd5 Rcc8 35. Rd7 a5 36. e4 Rc6 37. Rb7 Rca6 38. f4 Bc5 39. f5 gxf5 40. exf5
Rf6 41. Be5 Rxf5 42. Rg4+ Kf8 43. Bg7+ Ke8 44. Bh6 1-0

[Event "OLNO 2122 Greifswalder SV - SF Berlin I"]
[Site "?"]
[Date "2022.05.15"]
[Round "4.8"]
[White "Kuersten, Ruediger"]
[Black "Skogvall, Martina"]
[Result "1-0"]
[WhiteElo "2180"]
[BlackElo "1984"]
[PlyCount "95"]
[EventDate "2022.??.??"]

1. d4 Nf6 2. Nf3 e6 3. c4 Bb4+ 4. Bd2 Be7 5. Nc3 d5 6. e3 O-O 7. Be2 Nbd7 8.
cxd5 exd5 9. O-O Re8 10. Qc2 c6 11. Rfb1 Bd6 12. b4 Ne4 13. b5 Nxc3 14. Bxc3
Nf6 15. bxc6 bxc6 16. Bb4 Bxb4 17. Rxb4 Qd6 18. Qa4 c5 19. dxc5 Qxc5 20. Bb5
Bd7 21. Rab1 Rad8 22. Nd4 g6 23. h3 Re4 24. Bxd7 Rxd7 25. Qb5 Qd6 26. a4 Rc7
27. Qd3 Rce7 28. Rb7 Qc5 29. Qb5 Rxb7 30. Qxb7 Re7 31. Qb5 Qd6 32. a5 Kg7 33.
Rc1 Ne4 34. a6 Qa3 35. Rc2 Qd6 36. Rc6 Qa3 37. Rc2 Qd6 38. Qa5 f5 39. Rc6 Qe5
40. Qa1 Kf7 41. Qa2 Nf6 42. Nf3 Qb8 43. Ng5+ Kg7 44. Qa1 Qe5 45. Qxe5 Rxe5 46.
Rc7+ Kg8 47. Rxa7 h6 48. Rb7 1-0

[Event "OLNO 2122 SF Berlin III - SC Kreuzberg"]
[Site "?"]
[Date "2022.05.29"]
[Round "5.1"]
[White "Glantz, Robert"]
[Black "Hoffmann, Udo"]
[Result "1/2-1/2"]
[WhiteElo "2340"]
[BlackElo "2305"]
[PlyCount "32"]
[EventDate "2022.??.??"]

1. e4 c5 2. Nf3 e6 3. d4 cxd4 4. Nxd4 Nc6 5. Bf4 a6 6. Nxc6 bxc6 7. Bd3 Qf6 8.
Qc1 e5 9. Bg5 Qe6 10. O-O Bc5 11. Nd2 h6 12. Be3 Bxe3 13. fxe3 Ne7 14. Bc4 d5
15. Bb3 O-O 16. c4 dxe4 1/2-1/2

[Event "OLNO 2122 SF Berlin III - SC Kreuzberg"]
[Site "?"]
[Date "2022.05.29"]
[Round "5.3"]
[White "Moritz, Aron"]
[Black "Modler, Andreas"]
[Result "1/2-1/2"]
[WhiteElo "2215"]
[BlackElo "2233"]
[PlyCount "22"]
[EventDate "2022.??.??"]

1. e4 c5 2. Nf3 e6 3. d4 cxd4 4. Nxd4 a6 5. Bd3 Nf6 6. Qe2 d6 7. O-O g6 8. Rd1
Bg7 9. c4 O-O 10. Nc3 Qe7 11. h3 Nbd7 1/2-1/2

[Event "OLNO 2122 SF Berlin III - SC Kreuzberg"]
[Site "?"]
[Date "2022.05.29"]
[Round "5.5"]
[White "Vogel, Constantin"]
[Black "Weber, Daniel"]
[Result "1-0"]
[WhiteElo "2147"]
[BlackElo "2142"]
[PlyCount "105"]
[EventDate "2022.??.??"]

1. c4 Nf6 2. g3 g6 3. Bg2 Bg7 4. Nc3 d6 5. d3 O-O 6. e4 c5 7. Nge2 Nc6 8. O-O
a6 9. a3 Rb8 10. Rb1 b5 11. cxb5 axb5 12. b4 cxb4 13. axb4 e5 14. h3 Qb6 15.
Be3 Nd4 16. Kh2 Bb7 17. Qd2 Rfd8 18. f4 Rbc8 19. g4 Qc6 20. Rfc1 Nxe2 21. Qxe2
Qe8 22. f5 gxf5 23. g5 Nd7 24. exf5 Bxg2 25. Qxg2 e4 26. d4 Kh8 27. Nxb5 Rxc1
28. Rxc1 Ne5 29. Nc7 Nf3+ 30. Qxf3 exf3 31. Nxe8 Rxe8 32. f6 Bf8 33. Bf4 h6 34.
h4 Re4 35. Kg3 f2 36. b5 Kh7 37. b6 Rxd4 38. Be3 Rc4 39. Rd1 d5 40. Kxf2 Rxh4
41. Rxd5 Rb4 42. Rd8 Rb2+ 43. Kf3 Ba3 44. gxh6 Rb3 45. Ke4 Rb4+ 46. Kd5 Bb2 47.
Bc5 Rb3 48. Kc4 Bxf6 49. Rd6 Rc3+ 50. Kb4 Rf3 51. Rxf6 Rxf6 52. b7 Rf1 53. Kb5
1-0

[Event "OLNO 2122 SF Berlin III - SC Kreuzberg"]
[Site "?"]
[Date "2022.05.29"]
[Round "5.6"]
[White "Mcgowan, Daniel"]
[Black "Lehmann, Klaus"]
[Result "1-0"]
[WhiteElo "2098"]
[BlackElo "2213"]
[PlyCount "111"]
[EventDate "2022.??.??"]

1. e4 d6 2. c4 e5 3. Nc3 Nc6 4. d3 g6 5. Be3 Bg7 6. Qd2 Be6 7. g3 Qd7 8. Bg2
Nd4 9. Bxd4 exd4 10. Nce2 Ne7 11. f4 c5 12. Nf3 Bh3 13. O-O Bxg2 14. Kxg2 O-O
15. Rae1 Rae8 16. h3 f5 17. Kh2 Nc6 18. Nc1 Re7 19. Re2 Rfe8 20. Rfe1 Bf6 21.
a3 b6 22. b4 fxe4 23. dxe4 Qe6 24. Nd3 Qxc4 25. bxc5 dxc5 26. e5 Bg7 27. Ng5
Qd5 28. Ne4 c4 29. Qa2 Na5 30. Nb4 Qe6 31. Ng5 Qd7 32. Ne4 d3 33. Rd2 Kh8 34.
Nd6 Qe6 35. Nxe8 Rxe8 36. Nxd3 cxd3 37. Qxe6 Rxe6 38. Rxd3 Bf8 39. Rd7 Nc6 40.
a4 Bc5 41. Red1 h5 42. Kg2 a5 43. Kf3 Nxe5+ 44. fxe5 Rxe5 45. Rb7 Re8 46. Rdd7
Rf8+ 47. Ke4 Rf2 48. Rh7+ Kg8 49. Rhg7+ Kf8 50. Rxg6 Ra2 51. Rc6 Be7 52. Rc8+
Kf7 53. Rcc7 Kf6 54. Rxe7 Re2+ 55. Kd5 Rxe7 56. Rxe7 1-0

[Event "OLNO 2122 SF Berlin III - SC Kreuzberg"]
[Site "?"]
[Date "2022.05.29"]
[Round "5.7"]
[White "Dathe, Frederick"]
[Black "Kaphle, Stephan"]
[Result "1-0"]
[WhiteElo "2048"]
[BlackElo "2145"]
[PlyCount "99"]
[EventDate "2022.??.??"]

1. c4 Nf6 2. g3 e6 3. Bg2 Be7 4. Nf3 O-O 5. O-O d5 6. b3 b6 7. Bb2 c5 8. cxd5
Nxd5 9. d4 Bb7 10. Re1 Nc6 11. e4 Nf6 12. e5 Nd5 13. dxc5 Bxc5 14. a3 Be7 15.
Nbd2 b5 16. Qe2 Qb6 17. Rac1 Rfd8 18. Red1 Rac8 19. Ne4 b4 20. axb4 Qxb4 21.
Qc4 Nxe5 22. Qxb4 Nxf3+ 23. Bxf3 Bxb4 24. Rc4 Be7 25. Ra4 a6 26. Rd3 Rc2 27.
Bd4 Rc1+ 28. Kg2 Rc2 29. Rd1 e5 30. Ba7 Ra8 31. Rc4 Rb2 32. Nc3 Rxa7 33. Nxd5
Bd8 34. Nf6+ Bxf6 35. Bxb7 g6 36. Rd7 e4 37. Rc8+ Kg7 38. Rcc7 Be5 39. Rxf7+
Kg8 40. Rcd7 e3 41. Rfe7 Rxf2+ 42. Kg1 Rxb7 43. Re8+ Rf8 44. Rxf8+ Kxf8 45.
Rxb7 h5 46. Kf1 Bc3 47. Rb6 a5 48. Rxg6 h4 49. gxh4 Kf7 50. Rg4 1-0

[Event "OLNO 2122 SF Berlin III - SC Kreuzberg"]
[Site "?"]
[Date "2022.05.29"]
[Round "5.8"]
[White "Lachmann, Utz"]
[Black "Holzapfel, Daniel"]
[Result "1/2-1/2"]
[WhiteElo "2093"]
[BlackElo "2245"]
[PlyCount "34"]
[EventDate "2022.??.??"]

1. e4 c6 2. d4 d5 3. exd5 cxd5 4. Bd3 Nc6 5. c3 Nf6 6. Bf4 Bg4 7. Qb3 Qd7 8.
Nd2 e6 9. Ngf3 Bxf3 10. Nxf3 Bd6 11. Bxd6 Qxd6 12. O-O O-O 13. Rfe1 Rab8 14.
Ne5 Ne7 15. Rad1 b5 16. a3 Rfc8 17. Re3 Ng6 1/2-1/2

[Event "OLNO 2122 TSG Oberschöneweide - Greifs"]
[Site "?"]
[Date "2022.05.29"]
[Round "5.1"]
[White "Fromm, Marius"]
[Black "Rosenthal, Dirk"]
[Result "1-0"]
[WhiteElo "2317"]
[BlackElo "2396"]
[PlyCount "145"]
[EventDate "2022.??.??"]

1. e4 c6 2. d4 d5 3. exd5 cxd5 4. Bd3 Nc6 5. c3 Nf6 6. h3 g6 7. Nf3 Bf5 8. Ne5
Bxd3 9. Nxd3 Bg7 10. O-O O-O 11. Bf4 Rc8 12. Nd2 e6 13. Re1 Na5 14. Qf3 Nd7 15.
Re2 b5 16. g3 Nc4 17. h4 h5 18. Kg2 Qf6 19. a4 a6 20. Nb3 Ra8 21. a5 Rfc8 22.
Nbc5 Nxc5 23. Nxc5 b4 24. b3 Na3 25. Qe3 Qf5 26. Rd1 bxc3 27. Qxc3 Nb5 28. Qb4
Nxd4 29. Rxd4 Bf8 30. Qb7 Bxc5 31. Rdd2 Bf8 32. Rc2 Re8 33. Rc3 d4 34. Rf3 Qb5
35. Qe4 e5 36. Bxe5 d3 37. Qf4 Ra7 38. Qf6 Rxe5 39. Rxe5 Qd7 40. Re1 d2 41. Rd1
Bb4 42. Qe5 Rc7 43. Qf4 Rb7 44. Qc4 Qb5 45. Rd3 Qxc4 46. bxc4 Bxa5 47. Ra1 Bb4
48. Rxa6 Rc7 49. Ra4 Rxc4 50. Rxd2 Bxd2 51. Rxc4 Kg7 52. Rc6 Bb4 53. Kf3 Ba3
54. Ke4 Bb2 55. Kd5 f5 56. Ke6 Bd4 57. Rc7+ Kg8 58. Rc2 Ba1 59. Kd5 Kg7 60.
Rc7+ Kg8 61. Kc4 Be5 62. Re7 Ba1 63. Kd3 Bb2 64. Rc7 Be5 65. Rc5 Bb2 66. Ke3
Ba3 67. Rc6 Kg7 68. Kf4 Bb4 69. Ke5 Ba3 70. Rc7+ Kh6 71. f4 Bb2+ 72. Ke6 Bd4
73. Kf7 1-0

[Event "OLNO 2122 TSG Oberschöneweide - Greifs"]
[Site "?"]
[Date "2022.05.29"]
[Round "5.2"]
[White "Horn, Sven"]
[Black "Weber, Max"]
[Result "1/2-1/2"]
[WhiteElo "2065"]
[BlackElo "2259"]
[PlyCount "51"]
[EventDate "2022.??.??"]

1. d4 Nf6 2. Bf4 d5 3. e3 c5 4. Nf3 Nc6 5. dxc5 e6 6. Nc3 Bxc5 7. Be2 O-O 8.
O-O a6 9. Ne5 Qe7 10. a3 Rd8 11. Bd3 Nxe5 12. Bxe5 b5 13. Qf3 Bb7 14. Qg3 Ne8
15. Qh3 g6 16. Ne2 f6 17. Bd4 e5 18. Bxc5 Qxc5 19. c3 Ng7 20. Qh4 Qb6 21. Rad1
e4 22. Bc2 g5 23. Qh6 Nf5 24. Qh5 Ng7 25. Qh6 Nf5 26. Qh5 1/2-1/2

[Event "OLNO 2122 TSG Oberschöneweide - Greifs"]
[Site "?"]
[Date "2022.05.29"]
[Round "5.3"]
[White "Skibbe, Willi"]
[Black "Schoewel, Matthias"]
[Result "1/2-1/2"]
[WhiteElo "2179"]
[BlackElo "2215"]
[PlyCount "88"]
[EventDate "2022.??.??"]

1. e4 e5 2. Nf3 Nc6 3. d4 exd4 4. Nxd4 Be7 5. Nxc6 dxc6 6. Bd3 Nf6 7. O-O Be6
8. Nd2 h6 9. Nb3 O-O 10. Qe2 Re8 11. f3 Bd6 12. Be3 Qe7 13. Qf2 b6 14. Rfe1 c5
15. c4 Rad8 16. Rad1 Bc8 17. g3 Qf8 18. Nc1 g5 19. Qc2 Qg7 20. Ne2 Nd7 21. Nc3
Ne5 22. Be2 Nc6 23. Bf1 Be5 24. Bg2 Be6 25. Rxd8 Rxd8 26. f4 Bd4 27. e5 gxf4
28. gxf4 Bh3 29. Kh1 Bxg2+ 30. Qxg2 Qxg2+ 31. Kxg2 Bxc3 32. bxc3 Rd3 33. f5
Nxe5 34. Bxc5 f6 35. Bd4 Kf7 36. c5 Nf3 37. Re4 Nxd4 38. cxd4 Rd2+ 39. Kg3 Rxa2
40. Re6 bxc5 41. dxc5 Rb2 42. Ra6 Rb5 43. Rc6 Rb7 44. Ra6 Rb5 1/2-1/2

[Event "OLNO 2122 TSG Oberschöneweide - Greifs"]
[Site "?"]
[Date "2022.05.29"]
[Round "5.4"]
[White "Postler, Reinhard"]
[Black "Leisner, Hannes"]
[Result "1-0"]
[WhiteElo "2165"]
[BlackElo "2208"]
[PlyCount "87"]
[EventDate "2022.??.??"]

1. e4 e5 2. Nf3 d6 3. d4 exd4 4. Nxd4 Nf6 5. Nc3 Be7 6. Bc4 O-O 7. O-O Re8 8.
Re1 Nbd7 9. a4 Ne5 10. Ba2 c6 11. f3 Qa5 12. Be3 Bd7 13. Kh1 Rad8 14. f4 Neg4
15. Bg1 Qh5 16. Nf3 d5 17. exd5 Bb4 18. Qd4 c5 19. Qc4 b6 20. Ne5 Nxe5 21. fxe5
Rxe5 22. Rf1 Bxc3 23. Qxc3 Ne4 24. Qe3 Nd6 25. Qf4 Rde8 26. a5 Qg6 27. axb6
axb6 28. c3 Bf5 29. Bf2 Re4 30. Qf3 Bg4 31. Qg3 Nf5 32. Qc7 h5 33. Bb1 Re2 34.
Qf4 Qd6 35. Qxd6 Nxd6 36. Bg3 Nb7 37. h3 Bc8 38. Ra8 g6 39. Bd3 R2e3 40. Rf3
Rxf3 41. gxf3 Bd7 42. Ra7 Bc8 43. Bb5 Rf8 44. Bc7 1-0

[Event "OLNO 2122 TSG Oberschöneweide - Greifs"]
[Site "?"]
[Date "2022.05.29"]
[Round "5.5"]
[White "Stopsack, Malte"]
[Black "Boewer, Roland"]
[Result "1-0"]
[WhiteElo "2219"]
[BlackElo "2172"]
[PlyCount "109"]
[EventDate "2022.??.??"]

1. e4 c5 2. Nc3 Nc6 3. Bb5 g6 4. f4 Bg7 5. Nf3 d6 6. Bxc6+ bxc6 7. d3 Nf6 8.
O-O O-O 9. Qe1 Ne8 10. Kh1 Nc7 11. Rb1 Nb5 12. e5 Nxc3 13. Qxc3 Be6 14. b3 Qb8
15. Qe1 Bd5 16. Bb2 f6 17. exd6 exd6 18. f5 g5 19. Qg3 h6 20. Nd2 Re8 21. c4
Bf7 22. Ne4 d5 23. Qxb8 Raxb8 24. Nxf6+ Bxf6 25. Bxf6 Re2 26. Rb2 Rxb2 27. Bxb2
dxc4 28. dxc4 Bxc4 29. Rc1 Bd5 30. Kg1 Re8 31. Kf2 Bxg2 32. Kxg2 Re2+ 33. Kf3
Rxb2 34. Rxc5 Rxa2 35. Rxc6 Rb2 36. Rxh6 Rxb3+ 37. Kg4 Rb6 38. Rh3 a5 39. Ra3
Ra6 40. Ra4 Kg7 41. Kxg5 Kf7 42. h4 Kg8 43. h5 Kg7 44. Rf4 a4 45. f6+ Kf7 46.
h6 a3 47. h7 Ra8 48. Re4 Ra5+ 49. Kh6 Ra8 50. Re7+ Kxf6 51. Ra7 Rxa7 52. h8=Q+
Kf5 53. Qc8+ Ke4 54. Qc4+ Kf3 55. Qd3+ 1-0

[Event "OLNO 2122 TSG Oberschöneweide - Greifs"]
[Site "?"]
[Date "2022.05.29"]
[Round "5.6"]
[White "Jauk, Wilhelm"]
[Black "Lange, Jannis"]
[Result "1/2-1/2"]
[WhiteElo "2168"]
[BlackElo "2101"]
[PlyCount "57"]
[EventDate "2022.??.??"]

1. c4 Nf6 2. Nc3 d5 3. cxd5 Nxd5 4. d4 g6 5. Nf3 Bg7 6. e3 O-O 7. Bc4 Nb6 8.
Be2 Nc6 9. O-O e5 10. dxe5 Nxe5 11. Qxd8 Rxd8 12. Nxe5 Bxe5 13. Rd1 Be6 14. Bd2
Nc4 15. Bxc4 Bxc4 16. Be1 b5 17. b3 Bd3 18. f4 Bg7 19. Rac1 f5 20. Bh4 Rd7 21.
Rd2 Re8 22. Nd1 Re6 23. Nf2 Rxe3 24. Nxd3 Rexd3 25. Rxd3 Rxd3 26. Rxc7 Rd2 27.
Rc8+ Kf7 28. Rc7+ Kg8 29. Rc8+ 1/2-1/2

[Event "OLNO 2122 TSG Oberschöneweide - Greifs"]
[Site "?"]
[Date "2022.05.29"]
[Round "5.7"]
[White "Kuersten, Ruediger"]
[Black "Stark, Ingo"]
[Result "1/2-1/2"]
[WhiteElo "2180"]
[BlackElo "2097"]
[PlyCount "148"]
[EventDate "2022.??.??"]

1. Nf3 b5 2. d4 Bb7 3. Bf4 e6 4. e3 a6 5. Bd3 Nf6 6. h3 d6 7. O-O Nbd7 8. Nbd2
c5 9. c3 Qc7 10. Bh2 Be7 11. c4 b4 12. Re1 O-O 13. Rc1 Rfe8 14. Bb1 Bf8 15. e4
cxd4 16. Nxd4 g6 17. Nc2 Qb6 18. Bf4 Rad8 19. Be3 Nc5 20. f3 a5 21. Nd4 Rc8 22.
Qe2 Nfd7 23. Bf2 Bg7 24. Rcd1 Ba6 25. b3 Qb8 26. Qe3 d5 27. exd5 exd5 28. Qg5
dxc4 29. Rxe8+ Rxe8 30. Nxc4 Bxc4 31. bxc4 Qe5 32. Qc1 Rc8 33. Nb5 Qb8 34. Nd6
Rc6 35. Ne4 Qc7 36. Qd2 Bf8 37. Qd5 Nxe4 38. Qxe4 Rxc4 39. Qe8 Rc1 40. Qe1 Rxd1
41. Qxd1 Bc5 42. Be4 Bxf2+ 43. Kxf2 Qc5+ 44. Ke2 Nf6 45. g4 Qc4+ 46. Ke3 Qxa2
47. Qd8+ Kg7 48. g5 Qb3+ 49. Bd3 Qe6+ 50. Kf2 Nd5 51. Be4 Qb6+ 52. Qxb6 Nxb6
53. Ke3 Na4 54. Kd4 Nc3 55. Bd3 h6 56. h4 hxg5 57. hxg5 Kf8 58. Kc5 Ke7 59. Bc4
Nb1 60. Bd5 Nd2 61. Kd4 f6 62. Kd3 Nb1 63. f4 Nc3 64. Bg8 fxg5 65. fxg5 a4 66.
Kc4 Kf8 67. Be6 a3 68. Kb3 Ke7 69. Bg8 Kd6 70. Bf7 Ke5 71. Bxg6 Kf4 72. Bf7
Kxg5 73. Kxb4 a2 74. Bxa2 Nxa2+ 1/2-1/2

[Event "OLNO 2122 TSG Oberschöneweide - Greifs"]
[Site "?"]
[Date "2022.05.29"]
[Round "5.8"]
[White "Nguyen, Phuc Nhat"]
[Black "Schwahn, Christian"]
[Result "1/2-1/2"]
[WhiteElo "1809"]
[BlackElo "1947"]
[PlyCount "84"]
[EventDate "2022.??.??"]

1. e4 c6 2. d4 d5 3. exd5 cxd5 4. Bd3 Nc6 5. c3 Nf6 6. Bf4 Bg4 7. Qb3 Qb6 8.
Qxb6 axb6 9. Nd2 e6 10. Ngf3 Be7 11. O-O O-O 12. h3 Bh5 13. Ne5 Nxe5 14. dxe5
Nd7 15. Bg3 Bg6 16. Bxg6 hxg6 17. c4 dxc4 18. Nxc4 Rfc8 19. Rfc1 Rc5 20. b4 Rd5
21. a3 b5 22. Ne3 Rd3 23. Rc7 Bxb4 24. Rd1 Rxd1+ 25. Nxd1 Nb6 26. Rxb7 Bc5 27.
Nc3 Rxa3 28. Nxb5 Rxg3 29. Rc7 Bxf2+ 30. Kxf2 Rg5 31. Nd6 Rxe5 32. g4 g5 33.
Rb7 Na4 34. Rb8+ Kh7 35. Nxf7 Rd5 36. Re8 Nc5 37. Nd8 Nd3+ 38. Kg3 Nf4 39. Nxe6
Rd3+ 40. Kf2 Nxh3+ 41. Kf1 Rd6 42. Re7 Kh8 1/2-1/2

[Event "OLNO 2122 SV Empor Berlin - SG Güstrow"]
[Site "?"]
[Date "2022.05.29"]
[Round "5.1"]
[White "Luther, Alexander"]
[Black "Volke, Karsten"]
[Result "1/2-1/2"]
[WhiteElo "2065"]
[BlackElo "2445"]
[PlyCount "48"]
[EventDate "2022.??.??"]

1. d4 Nf6 2. c4 c5 3. d5 g6 4. Nc3 Bg7 5. e4 d6 6. f4 O-O 7. Nf3 e6 8. dxe6
fxe6 9. Bd3 Nh5 10. g3 Nc6 11. O-O Nd4 12. Ng5 Bh6 13. e5 dxe5 14. Nxh7 Kxh7
15. Qxh5 Nf5 16. Qe2 Qd4+ 17. Kh1 Bd7 18. Rd1 e4 19. Bxe4 Qg7 20. Be3 Nxe3 21.
Qxe3 e5 22. Qd3 Bg4 23. Rg1 Rae8 24. Rae1 exf4 1/2-1/2

[Event "OLNO 2122 SV Empor Berlin - SG Güstrow"]
[Site "?"]
[Date "2022.05.29"]
[Round "5.2"]
[White "Thinius, Marco"]
[Black "Gebert-Vangeel, Ralf"]
[Result "1-0"]
[WhiteElo "2351"]
[BlackElo "2036"]
[PlyCount "51"]
[EventDate "2022.??.??"]

1. c4 e5 2. Nc3 Bb4 3. Nd5 Bc5 4. e3 c6 5. d4 cxd5 6. dxc5 Qa5+ 7. Bd2 Qxc5 8.
Qg4 g6 9. cxd5 Nf6 10. Qf3 Qe7 11. e4 h6 12. Ne2 d6 13. Ng3 a6 14. Rc1 Nbd7 15.
Be2 Kf8 16. O-O Nc5 17. b4 Bg4 18. Qe3 Bxe2 19. Qxe2 Ncd7 20. Rc7 Rb8 21. f4
Qd8 22. Rc3 Kg7 23. Rcf3 Rf8 24. fxe5 dxe5 25. Qf2 Qe7 26. Bxh6+ 1-0

[Event "OLNO 2122 SV Empor Berlin - SG Güstrow"]
[Site "?"]
[Date "2022.05.29"]
[Round "5.3"]
[White "Dettmann, Gerd"]
[Black "Foerster, Jonas"]
[Result "0-1"]
[WhiteElo "2098"]
[BlackElo "2287"]
[PlyCount "80"]
[EventDate "2022.??.??"]

1. e4 d6 2. d4 Nf6 3. Nc3 g6 4. f4 Bg7 5. Nf3 O-O 6. Be3 b6 7. Bd3 Bb7 8. Qe2
c5 9. O-O-O Nbd7 10. Kb1 Rc8 11. e5 Ng4 12. Bg1 cxd4 13. Bxd4 Nc5 14. exd6 exd6
15. Bxg7 Kxg7 16. Nd4 Nf6 17. f5 Re8 18. Qf2 g5 19. h4 g4 20. Qf4 h6 21. Rhe1
Nxd3 22. cxd3 a6 23. Ne4 Bxe4 24. dxe4 Qe7 25. Nb3 Rc6 26. Rd4 Qe5 27. Qd2 d5
28. Rf1 dxe4 29. Qe3 Rd6 30. Rc4 Red8 31. Rfc1 Rd3 32. Qxb6 e3 33. Rc5 R8d5 34.
Rxd5 Rxd5 35. a3 Qxf5+ 36. Ka2 Qf2 37. Qb4 e2 38. Qe1 Qxg2 39. Rc2 Re5 40. Nc1
Qf1 0-1

[Event "OLNO 2122 SV Empor Berlin - SG Güstrow"]
[Site "?"]
[Date "2022.05.29"]
[Round "5.4"]
[White "Sulayev, Daniel"]
[Black "Dettmann, Holger"]
[Result "1-0"]
[WhiteElo "2242"]
[BlackElo "2020"]
[PlyCount "73"]
[EventDate "2022.??.??"]

1. c4 f5 2. g3 Nf6 3. Nc3 g6 4. Bg2 Bg7 5. d3 O-O 6. Rb1 c6 7. Nf3 d5 8. O-O
dxc4 9. dxc4 Nbd7 10. Qc2 e5 11. Rd1 e4 12. Nd4 Qe7 13. b4 Ne5 14. c5 Be6 15.
Nxe6 Qxe6 16. f3 exf3 17. exf3 Rad8 18. Bf4 Rxd1+ 19. Rxd1 Re8 20. Qe2 Qc4 21.
Qxc4+ Nxc4 22. Bf1 Ne3 23. Bxe3 Rxe3 24. Bc4+ Kf8 25. Ne2 Nd5 26. Kf2 Ra3 27.
Bxd5 cxd5 28. Rxd5 Rxa2 29. Rd7 a5 30. Rxb7 Rc2 31. bxa5 Bd4+ 32. Kf1 Bxc5 33.
Rc7 Ke8 34. a6 Kd8 35. a7 Ra2 36. Rxc5 Rxa7 37. Re5 1-0

[Event "OLNO 2122 SV Empor Berlin - SG Güstrow"]
[Site "?"]
[Date "2022.05.29"]
[Round "5.5"]
[White "Kiel, Bernd"]
[Black "Nitsche-Hahn, Raphael"]
[Result "1/2-1/2"]
[WhiteElo "1989"]
[BlackElo "2103"]
[PlyCount "69"]
[EventDate "2022.??.??"]

1. e4 c5 2. c3 Nf6 3. e5 Nd5 4. Nf3 Nc6 5. d4 cxd4 6. cxd4 d6 7. Bc4 Nb6 8. Bb5
Bd7 9. exd6 e6 10. O-O Bxd6 11. Nc3 Ne7 12. Bd3 Bc6 13. Ne5 Bxe5 14. dxe5 Qd4
15. Nb5 Qxe5 16. Re1 Qb8 17. Qg4 O-O 18. Bf4 Qd8 19. Rad1 Nbd5 20. Nd4 Qb6 21.
Be5 Ng6 22. Bxg6 hxg6 23. h4 Be8 24. h5 f6 25. Nxe6 Bd7 26. Bd4 Bxe6 27. Rxe6
gxh5 28. Rxb6 hxg4 29. Rxb7 Rf7 30. Rxf7 Kxf7 31. a3 a5 32. Bc5 Ke6 33. Re1+
Kf5 34. Rd1 Ke6 35. Re1+ 1/2-1/2

[Event "OLNO 2122 SV Empor Berlin - SG Güstrow"]
[Site "?"]
[Date "2022.05.29"]
[Round "5.6"]
[White "Meissner, Hans-Juergen"]
[Black "Schott, Andy"]
[Result "1-0"]
[WhiteElo "2199"]
[BlackElo "1597"]
[PlyCount "59"]
[EventDate "2022.??.??"]

1. d4 Nf6 2. Nf3 d5 3. c4 e6 4. Bg5 Be7 5. e3 Nbd7 6. Nc3 c6 7. Bd3 dxc4 8.
Bxc4 b5 9. Bd3 a6 10. a4 b4 11. Bxf6 gxf6 12. Ne4 f5 13. Ned2 Bb7 14. O-O c5
15. Qe2 Rg8 16. e4 fxe4 17. Bxe4 Bxe4 18. Nxe4 cxd4 19. Nxd4 Qb6 20. Rfd1 Rc8
21. a5 Qb7 22. Nf5 Kf8 23. Nxe7 Kxe7 24. g3 Ne5 25. f4 Nc4 26. f5 Qa7+ 27. Kh1
Qe3 28. f6+ Kf8 29. Qxe3 Nxe3 30. Rac1 1-0

[Event "OLNO 2122 SV Empor Berlin - SG Güstrow"]
[Site "?"]
[Date "2022.05.29"]
[Round "5.7"]
[White "Schwenck, Fabian"]
[Black "Schabe, Felix"]
[Result "0-1"]
[WhiteElo "1683"]
[BlackElo "1963"]
[PlyCount "36"]
[EventDate "2022.??.??"]

1. e4 d6 2. d4 Nf6 3. Nc3 g6 4. Bc4 Bg7 5. Bf4 O-O 6. Qd2 Nxe4 7. Bxf7+ Rxf7 8.
Nxe4 Nc6 9. c3 e5 10. Bg5 Qe8 11. d5 Ne7 12. h4 Bf5 13. f3 Qb5 14. Bxe7 Bxe4
15. O-O-O Bxd5 16. a4 Qc6 17. Bxd6 Bb3 18. Bxe5 Qxa4 0-1

[Event "OLNO 2122 SV Empor Berlin - SG Güstrow"]
[Site "?"]
[Date "2022.05.29"]
[Round "5.8"]
[White "Breitzmann, Sander"]
[Black "Lippitz, Jaden"]
[Result "1-0"]
[WhiteElo "1831"]
[BlackElo "1485"]
[PlyCount "51"]
[EventDate "2022.??.??"]

1. e4 e5 2. Nf3 Nc6 3. Bc4 Bc5 4. d3 h6 5. c3 Nf6 6. Nbd2 d6 7. Bb3 Bd7 8. h3
Qe7 9. O-O O-O 10. Re1 a6 11. Nf1 Rfb8 12. Ng3 b5 13. Nh4 Kh7 14. Qf3 Be6 15.
Ngf5 Qf8 16. Nxh6 gxh6 17. Qxf6 Qg7 18. Qxg7+ Kxg7 19. Bd5 Bxd5 20. exd5 Ne7
21. d4 Bb6 22. dxe5 dxe5 23. Rxe5 Ng6 24. Nxg6 Kxg6 25. Be3 Bxe3 26. Rxe3 1-0

[Event "OLNO 2122 SV Glückauf Rüdersdorf - SC"]
[Site "?"]
[Date "2022.05.29"]
[Round "5.1"]
[White "Penzold, Andreas"]
[Black "Kanarek, Marcel"]
[Result "0-1"]
[WhiteElo "2389"]
[BlackElo "2484"]
[PlyCount "52"]
[EventDate "2022.??.??"]

1. c4 c6 2. d4 d5 3. Nf3 Nf6 4. Nc3 e6 5. e3 Nbd7 6. Bd3 dxc4 7. Bxc4 b5 8. Bd3
Bb7 9. e4 b4 10. Na4 c5 11. e5 Nd5 12. Nxc5 Nxc5 13. dxc5 Bxc5 14. O-O h6 15.
Qe2 Qb6 16. Bd2 Rc8 17. Rac1 Ne7 18. Rc4 Nf5 19. Rf4 O-O 20. Rd1 Rfd8 21. b3
Bxf2+ 22. Qxf2 Rxd3 23. Rxb4 Rxd2 24. Rxb6 Rxd1+ 25. Ne1 axb6 26. Qxb6 Rc2 0-1

[Event "OLNO 2122 SV Glückauf Rüdersdorf - SC"]
[Site "?"]
[Date "2022.05.29"]
[Round "5.2"]
[White "Leniart, Arkadiusz"]
[Black "Trenner, Rolf"]
[Result "1-0"]
[WhiteElo "2473"]
[BlackElo "2177"]
[PlyCount "53"]
[EventDate "2022.??.??"]

1. d4 Nf6 2. c4 c6 3. Nc3 d5 4. Nf3 dxc4 5. a4 Nd5 6. e3 b5 7. Ne5 Be6 8. axb5
Nxc3 9. bxc3 cxb5 10. Qf3 Qd5 11. e4 Qb7 12. d5 Nd7 13. Nc6 Nf6 14. Na5 Qc8 15.
dxe6 Qxe6 16. Be2 Nxe4 17. O-O g6 18. Nb3 f5 19. Nc5 Qc6 20. Nxe4 fxe4 21. Qh3
Bg7 22. Bh6 Bf6 23. Bg4 a6 24. Rfd1 Ra7 25. Be6 b4 26. Bd5 Qd7 27. Bf7+ 1-0

[Event "OLNO 2122 SV Glückauf Rüdersdorf - SC"]
[Site "?"]
[Date "2022.05.29"]
[Round "5.3"]
[White "Jaeger, Uwe"]
[Black "Klimkowski, Jan"]
[Result "0-1"]
[WhiteElo "2237"]
[BlackElo "2401"]
[PlyCount "35"]
[EventDate "2022.??.??"]

1. e4 e5 2. Nf3 Nc6 3. c3 Nf6 4. d4 Nxe4 5. d5 Bc5 6. dxc6 Bxf2+ 7. Ke2 Bb6 8.
Qd5 Nf2 9. cxb7 Bxb7 10. Qxb7 Nxh1 11. Be3 O-O 12. g3 Bxe3 13. Kxe3 e4 14. Nbd2
Rb8 15. Qd5 exf3 16. Kxf3 Rxb2 17. Kg2 Qa8 18. Qxa8 0-1

[Event "OLNO 2122 SV Glückauf Rüdersdorf - SC"]
[Site "?"]
[Date "2022.05.29"]
[Round "5.4"]
[White "Steczek, Marcin"]
[Black "Wuttke, Hans"]
[Result "1-0"]
[WhiteElo "2359"]
[BlackElo "2094"]
[PlyCount "129"]
[EventDate "2022.??.??"]

1. Nf3 g6 2. c4 Bg7 3. Nc3 e5 4. d4 exd4 5. Nxd4 Nc6 6. Nxc6 bxc6 7. g3 Ne7 8.
Bg2 O-O 9. O-O d6 10. Qc2 Bd7 11. c5 Qb8 12. cxd6 cxd6 13. Rd1 d5 14. Bf4 Be5
15. Bxe5 Qxe5 16. Rac1 f5 17. e3 g5 18. Ne2 Rf6 19. Qc3 Qd6 20. Qc5 Qxc5 21.
Rxc5 Raf8 22. Ra5 Nc8 23. b4 Kg7 24. Rc1 Rd6 25. Ra6 Rff6 26. Rc3 Kf8 27. f4 h6
28. Nd4 Ke7 29. Kf2 Kd8 30. Rc5 g4 31. Bf1 h5 32. Bd3 Kc7 33. Ra3 Kd8 34. Rac3
Nb6 35. Ra5 Nc8 36. Rc1 Ke7 37. Rh1 Rf8 38. Ra6 Kd8 39. h3 Ke7 40. hxg4 hxg4
41. Rh7+ Kd8 42. Ra3 Rdf6 43. Ra5 R8f7 44. Rh5 Kc7 45. Nb3 Be8 46. Nc5 Kd6 47.
Rh8 Re7 48. Ra3 Nb6 49. Rc3 Nc8 50. Nb3 Bd7 51. b5 Nb6 52. bxc6 Bxc6 53. Nd4
Bd7 54. Ra3 Be8 55. Nb5+ Ke6 56. Nxa7 Bd7 57. Ra6 Kf7 58. Nb5 Kg7 59. Rb8 Bxb5
60. Bxb5 Nd7 61. Rb7 Rxa6 62. Bxa6 Kf6 63. Bd3 Ke6 64. e4 Re8 65. Rxd7 1-0